Problemy patologii społecznych i wybrane formy ich rozwiązywania : (Rekord nr 42233)
| 000 -ETYKIETA REKORDU | |
|---|---|
| podpole kontrolne o stałej długości | 02134nam a2200565 i 4500 |
| 001 - NUMER KONTROLNY REKORDU | |
| pole kontrolne | 42233 |
| 003 - IDENTYFIKATOR NUMERU KONTROLNEGO REKORDU | |
| podpole kontrolne | KOSZ 005 |
| 005 - DATA OSTATNIEJ MODYFIKACJI REKORDU | |
| podpole kontrolne | 20240405063138.0 |
| 008 - POLE O STAŁEJ DŁUGOŚCI - DANE KONTROLNE | |
| podpole kontrolne o stałej długości | 200608s2001 pl a r f po 100 0 pol |
| 015 ## - NUMER BIBLIOGRAFII NARODOWEJ | |
| Numer bibliografii narodowej | UWD 2002/2261 |
| 020 ## - MIĘDZYNARODOWY ZNORMALIZOWANY NUMER KSIĄŻKI - ISBN | |
| ISBN | 8387317284 |
| 035 ## - NUMER SYSTEMOWY | |
| Numer systemowy przejętego rekordu | 991017536339705066 |
| 035 ## - NUMER SYSTEMOWY | |
| Numer systemowy przejętego rekordu | (PL-WaBN)b14742640-48omnis_nlop |
| 035 ## - NUMER SYSTEMOWY | |
| Numer systemowy przejętego rekordu | b14742640 |
| 035 ## - NUMER SYSTEMOWY | |
| Numer systemowy przejętego rekordu | (OCoLC)316466838 |
| 035 ## - NUMER SYSTEMOWY | |
| Numer systemowy przejętego rekordu | (PL)b0000001474264 |
| 035 ## - NUMER SYSTEMOWY | |
| Numer systemowy przejętego rekordu | (EXLNZ-48OMNIS_NETWORK)9910068601505606 |
| 040 ## - ŹRÓDŁO KATALOGOWANIA | |
| Instytucja, która sporządziła opis | WA N |
| Instytucja, która utworzyła rekord | WA N |
| Instytucja, która dokonała modyfikacji | KOSZ 005/RW |
| 046 ## - DATY KODOWANE | |
| Pojedyncza data lub początek okresu powstania dzieła lub zbioru dzieł | 2001 |
| 080 ## - UNIWERSALNA KLASYFIKACJA DZIESIĘTNA - UKD | |
| UKD | 316.6 |
| 080 ## - UNIWERSALNA KLASYFIKACJA DZIESIĘTNA - UKD | |
| UKD | 304.3 |
| 080 ## - UNIWERSALNA KLASYFIKACJA DZIESIĘTNA - UKD | |
| UKD | 316.344 |
| 080 ## - UNIWERSALNA KLASYFIKACJA DZIESIĘTNA - UKD | |
| UKD | 364.4-056.83(438) |
| 245 00 - TYTUŁ/ODPOWIEDZIALNOŚĆ | |
| Tytuł | Problemy patologii społecznych i wybrane formy ich rozwiązywania : |
| Ciąg dalszy tytułu | praca zbiorowa / |
| Pozostałe elementy strefy tytułu i oznaczenia odpowiedzialności | pod redakcją Mariana Marchowa i Bogusława Polaka ; Koszalińskie Towarzystwo Trzeźwości, Koszalińska Biblioteka Publiczna. |
| 260 ## - STREFA ADRESU WYDAWNICZEGO | |
| Miejsce wydania | Koszalin : |
| Nazwa wydawcy/dystrybutora | Koszalińskie Towarzystwo Trzeźwości. Zarząd Główny, |
| Data publikacji, dystrybucji/powstania dokumentu | 2001. |
| 300 ## - STREFA OPISU FIZYCZNEGO | |
| Objętość | 284 strony : |
| Inne cechy fizyczne | ilustracje ; |
| Rozmiary | 24 cm. |
| 336 ## - TYP ZAWARTOŚCI | |
| Termin opisujący typ zawartości | Tekst |
| Kod określający zawartość | txt |
| Źródło (terminu i kodu) | rdacontent |
| 337 ## - TYP MEDIÓW | |
| Tryb odtwarzania | Bez urządzenia pośredniczącego |
| Kod typu mediów | n |
| Źródło (terminu i kodu) | rdamedia |
| 338 ## - TYP/RODZAJ NOŚNIKA | |
| Hasło opisujące typ nośnika | Wolumin |
| Kod typu nośnika | nc |
| Źródło (terminu i kodu) | rdacarrier |
| 380 ## - FORMA I TYP PUBLIKACJI | |
| Forma i typ publikacji | Książki |
| 380 ## - FORMA I TYP PUBLIKACJI | |
| Forma i typ publikacji | Publikacje naukowe |
| 388 ## - CZAS POWSTANIA | |
| Czas powstania | 2001- |
| 500 ## - UWAGI OGÓLNE | |
| Tekst uwagi | Na stronie redakcyjnej: materiały pokonferencyjne, Koszalin listopad 2001. |
| 504 ## - UWAGA DOTYCZĄCA BIBLIOGRAFII | |
| Informacje o bibliografii | Bibliografia przy pracach. |
| 648 #7 - HASŁO PRZEDMIOTOWE - TERMIN CHRONOLOGICZNY | |
| Termin chronologiczny | 1901-2000 |
| 648 #7 - HASŁO PRZEDMIOTOWE - TERMIN CHRONOLOGICZNY | |
| Termin chronologiczny | 1989-2000 |
| 648 #7 - HASŁO PRZEDMIOTOWE - TERMIN CHRONOLOGICZNY | |
| Termin chronologiczny | 2001- |
| 650 #7 - HASŁO PRZEDMIOTOWE W FORMIE NAZWY OGÓLNEJ LUB JEDNOSTKOWEJ | |
| Nazwa ogólna lub geograficzna | Patologia społeczna |
| Źródło hasła lub terminu | DBN |
| 650 #7 - HASŁO PRZEDMIOTOWE W FORMIE NAZWY OGÓLNEJ LUB JEDNOSTKOWEJ | |
| Nazwa ogólna lub geograficzna | Zwalczanie |
| 651 #7 - HASŁO PRZEDMIOTOWE W FORMIE NAZWY GEOGRAFICZNEJ | |
| Nazwa geograficzna | Polska |
| 655 #7 - TERMIN INDEKSOWY - OKREŚLENIE RODZAJU/FORMY DOKUMENTU | |
| Określenie rodzaju/formy dokumentu | Materiały konferencyjne |
| Źródło terminu | DBN |
| 658 ## - TERMIN INDEKSOWY - PRZEDMIOT PROGRAMU NAUCZANIA | |
| Główny przedmiot programu nauczania | Socjologia i społeczeństwo |
| 700 1# - HASŁO DODATKOWE - NAZWA OSOBOWA | |
| Nazwa osobowa | Marchow, Marian |
| Określenie związku między hasłem a opisywanym materiałem | Redakcja |
| 700 1# - HASŁO DODATKOWE - NAZWA OSOBOWA | |
| Nazwa osobowa | Polak, Bogusław |
| Daty związane z nazwą | (1945- ) |
| Określenie związku między hasłem a opisywanym materiałem | Redakcja |
| 710 2# - HASŁO DODATKOWE - NAZWA CIAŁA ZBIOROWEGO | |
| Nazwa ciała zbiorowego lub jednostki geograficznej | Koszalińska Biblioteka Publiczna im. Joachima Lelewela |
| 710 2# - HASŁO DODATKOWE - NAZWA CIAŁA ZBIOROWEGO | |
| Nazwa ciała zbiorowego lub jednostki geograficznej | Koszalińskie Towarzystwo Trzeźwości |
| Kod określenia powiązania | pbl |
| 856 ## - LOKALIZACJA I DOSTĘP DO ELEKTRONICZNYCH DOKUMENTÓW ZDALNYCH | |
| Link (URL) | http://koha.tu.koszalin.pl/cgi-bin/koha/opac-detail.pl?biblionumber=42233 |
| Tekst linku | Katalog online BPK |
| 942 ## - DODATKOWE ELEMENTY (KOHA) | |
| Schemat klasyfikacji | Uniwersalna Klasyfikacja Dziesiętna |
| Typ dokumentu | Książka |
| Wycofany | Status egzemplarza | Uszkodzony | Dostępność | Lokalizacja stała | Lokalizacja bieżąca | Miejsce przechowywania | Sygnatura | Kod kreskowy | Dział | Typ dokumentu | Ostatnio wypożyczono |
|---|---|---|---|---|---|---|---|---|---|---|---|
| Tylko na miejscu | Biblioteka Politechniki Koszalińskiej | Biblioteka Politechniki Koszalińskiej | Czytelnia Wydziałowa ul. Kwiatkowskiego 6e | 66050 | 01903539 | 304 Polityka społeczna | Książka | ||||
| Dostępny | Biblioteka Politechniki Koszalińskiej | Biblioteka Politechniki Koszalińskiej | Wypożyczalnia BG | 66051 | 01903522 | Książka | 12.10.2023 | ||||
| Dostępny | Biblioteka Politechniki Koszalińskiej | Biblioteka Politechniki Koszalińskiej | Wypożyczalnia BG | 66052 | 01903515 | Książka | |||||
| Dostępny | Biblioteka Politechniki Koszalińskiej | Biblioteka Politechniki Koszalińskiej | Wypożyczalnia BG | 66053 | 01903508 | Książka | 25.10.2016 | ||||
| Egz. niedostępny | Niedostępny | Biblioteka Politechniki Koszalińskiej | Biblioteka Politechniki Koszalińskiej | Magazyn Rezerw | Książka |
